History Quiz

Random History or Blitz Quiz

13 Colonies in 30 Seconds Quiz Stats

 Plays Quiz Updated Jun 21, 2014

Support Sporcle.
Go Orange.
Score 0/13 Timer 00:30
0 Plays Today
% Correct
New York
83.8%
Virginia
70.6%
Delaware
66.8%
New Jersey
64.6%
North Carolina
63.6%
Massachusetts
63.6%
South Carolina
60.5%
Pennsylvania
59.5%
Georgia
59.4%
Maryland
55.8%
Connecticut
53.2%
Rhode Island
51.5%
New Hampshire
51%

From the Vault

MLB Career Leaders Multiple Choice

by Hejman

Sports 4m
We're curious to know the MLB career leader in sunflower seeds consumed.
Remove Ads.
Support Sporcle.
Get the best of Sporcle when you Go Orange. This ad-free experience offers more features, more stats, and more fun while also helping to support Sporcle. Thank you for becoming a member.

Show Comments

Extras

Top Quizzes Today


Score Distribution

Your Account Isn't Verified!

In order to create a playlist on Sporcle, you need to verify the email address you used during registration. Go to your Sporcle Settings to finish the process.

Report this User

Report this user for behavior that violates our Community Guidelines.

Details: